Brisingr / (Record no. 24461)

MARC details
000 -LEADER
fixed length control field 01748cam a2200517Ia 4500
001 - CONTROL NUMBER
control field sjds1499707
003 - CONTROL NUMBER IDENTIFIER
control field sjds
005 - DATE AND TIME OF LATEST TRANSACTION
control field 20200313222005.0
008 - FIXED-LENGTH DATA ELEMENTS--GENERAL INFORMATION
fixed length control field 080929s2008 sp d 000 f spa d
020 ## - INTERNATIONAL STANDARD BOOK NUMBER
International Standard Book Number 9788492429394 (pbk.)
020 ## - INTERNATIONAL STANDARD BOOK NUMBER
International Standard Book Number 8492429399 (pbk.)
020 ## - INTERNATIONAL STANDARD BOOK NUMBER
International Standard Book Number 9788492429370
020 ## - INTERNATIONAL STANDARD BOOK NUMBER
International Standard Book Number 8492429372
020 ## - INTERNATIONAL STANDARD BOOK NUMBER
International Standard Book Number 9788499182988
035 ## - SYSTEM CONTROL NUMBER
System control number 378964
035 ## - SYSTEM CONTROL NUMBER
System control number (OCoLC)259254096
035 ## - SYSTEM CONTROL NUMBER
System control number 378964
040 ## - CATALOGING SOURCE
Original cataloging agency BTCTA
Transcribing agency BTCTA
Modifying agency IF9
-- UPZ
-- JAG
-- LNQ
-- CQU
-- UtOrBLW
041 1# - LANGUAGE CODE
Language code of text/sound track or separate title spa
Language code of original eng
049 ## - LOCAL HOLDINGS (OCLC)
Holding library IFAA
099 ## - LOCAL FREE-TEXT CALL NUMBER (OCLC)
Classification number TEEN ESPANOL PAOLINI
100 1# - MAIN ENTRY--PERSONAL NAME
Personal name Paolini, Christopher,
Relator term author.
240 10 - UNIFORM TITLE
Uniform title <a href="Brisingr.">Brisingr.</a>
Language of a work Spanish
245 10 - TITLE STATEMENT
Title Brisingr /
Statement of responsibility, etc. Christopher Paolini ; traduccin de Jorge Rizzo y Carol Isern.
250 ## - EDITION STATEMENT
Edition statement First edition.
260 ## - PUBLICATION, DISTRIBUTION, ETC. (IMPRINT)
Place of publication, distribution, etc. Barcelona :
Name of publisher, distributor, etc. Roca Editorial,
Date of publication, distribution, etc. 2008.
264 #1 - PRODUCTION, PUBLICATION, DISTRIBUTION, MANUFACTURE, AND COPYRIGHT NOTICE
Place of production, publication, distribution, manufacture Barcelona :
Name of producer, publisher, distributor, manufacturer Roca Editorial,
Date of production, publication, distribution, manufacture, or copyright notice 2008.
300 ## - PHYSICAL DESCRIPTION
Extent 700 pages ;
Dimensions 23 cm.
336 ## - CONTENT TYPE
Content type term text
Content type code txt
Source rdacontent
337 ## - MEDIA TYPE
Media type term unmediated
Media type code n
Source rdamedia
338 ## - CARRIER TYPE
Carrier type term volume
Carrier type code nc
Source rdacarrier
490 1# - SERIES STATEMENT
Series statement Legado ;
Volume/sequential designation book 3
520 ## - SUMMARY, ETC.
Summary, etc. The further adventures of Eragon and his dragon Saphira as they continue to aid the Varden in the struggle against the evil king, Galbatorix.
521 8# - TARGET AUDIENCE NOTE
Target audience note 1050
Source Lexile
526 0# - STUDY PROGRAM INFORMATION NOTE
Program name Accelerated Reader
Interest level UG
Reading level 8.1
Title point value 47.0
Public note 125940SP
650 #0 - SUBJECT ADDED ENTRY--TOPICAL TERM
Topical term or geographic name as entry element Dragons
Form subdivision Juvenile fiction.
650 #0 - SUBJECT ADDED ENTRY--TOPICAL TERM
Topical term or geographic name as entry element Magic
Form subdivision Juvenile fiction.
650 #0 - SUBJECT ADDED ENTRY--TOPICAL TERM
Topical term or geographic name as entry element Fantasy fiction
Form subdivision Juvenile literature.
650 #7 - SUBJECT ADDED ENTRY--TOPICAL TERM
Topical term or geographic name as entry element Dragones
Form subdivision Novela juvenil.
Source of heading or term bidex
650 #7 - SUBJECT ADDED ENTRY--TOPICAL TERM
Topical term or geographic name as entry element Magia
Form subdivision Novela juvenil.
Source of heading or term bidex
650 #7 - SUBJECT ADDED ENTRY--TOPICAL TERM
Topical term or geographic name as entry element Novela fantástica
Form subdivision Literatura juvenil.
Source of heading or term bidex
700 1# - ADDED ENTRY--PERSONAL NAME
Personal name Rizzo, Jorge.
700 1# - ADDED ENTRY--PERSONAL NAME
Personal name Isern, Carol.
800 1# - SERIES ADDED ENTRY--PERSONAL NAME
Personal name Paolini, Christopher.
Title of a work Inheritance.
Language of a work Spanish ;
Volume/sequential designation book 3.
942 ## - ADDED ENTRY ELEMENTS (KOHA)
Koha item type Libro/Book
Holdings
Withdrawn status Lost status Damaged status Not for loan Home library Current library Shelving location Date acquired Inventory number Total Checkouts Total Renewals Full call number Barcode Date last seen Date checked out Price effective from Koha item type Public note
        San Juan Del Sur -- Biblioteca San Juan Del Sur -- Biblioteca Children's Area 02/05/2014 Checked out from 2021- Feb 2025 5 3 JF PAO 30001373 12/03/2025 23/02/2021 02/05/2014 Libro/Book pbk

Powered by Koha